Quizzes
Events
Quiz Creation
Community
Videos
Private Events
Remove Ads
Sign In
Join for FREE
Feedback
Dark Mode
Quiz Categories
Sports
Geography
Music
Movies
Television
Just For Fun
Miscellaneous
History
Literature
Language
Science
Gaming
Entertainment
Religion
Holiday
For Kids
Quiz Lab
Recent
Popular Today
Quiz Kudos Today
Editor Picks
Curator Picks
Quizzes by...
Day
Popularity
Type
Ratings
Length
Year
Community
Subscriptions
Recent Discussions
Orange Saloon
Badges
Playlists
Quests
Create
Leaderboards
Showdown
Live 5
Trivia Bingo
Activity
Puzzle Library
Sporcle Events
Private Events
Virtual Trivia
Globe League
Become a Host
Pub Owners
SporcleCon
Opinionation
Our Games
Videos
Blog
Mobile Apps
Partnerships
Remove Ads and Go Orange
Feedback
Sports
Athletes
MLB
NBA
NHL
NFL
Soccer
Sports Teams
WWE
NCAA
Football
Premier League
Basketball
Baseball
Hockey
Golf
Tennis
Cricket
Rugby
Auto Racing
Olympics
World Cup
Sports
Athletes
MLB
NBA
NHL
NFL
Soccer
Sports Teams
WWE
NCAA
Football
Premier League
Basketball
Baseball
Hockey
Golf
Tennis
Cricket
Rugby
Auto Racing
Olympics
World Cup
Random Quiz
Search Sporcle
×
Quiz Lab
Quiz Lab
Sports
Europe
Type in answers that appear in a list
Type in answers that appear in a list
Classic
Best Score? Go Orange.
Fifa 17: Eastern European Players 81+ Stats
Can you name the Fifa 17: Eastern European Players 81+?
By
jgmptat
10m
55 Questions
78 Plays
78 Plays
78 Plays
Comments
Comments
Give Quiz Kudos
Give Quiz Kudos
-
- Ratings
hide this ad
More Info
Replay
Link that replays current quiz
Next Quiz
Link to next quiz in quiz playlist
You Got
0%
They Got
Avg Score
59%
Avg Friend Score
Upgrade to see
Score Distribution
Jump to the score distribution portion of the page
Score
0/55
Timer
10:00
0
Plays Today
Rating
Player
% Correct
87
Jan Oblak
98.7%
88/
MOTM
Jan Oblak
98.7%
89/
IF
Jan Oblak
98.7%
89/
IF
Marek Hamsik
94.3%
85
Marek Hamsik
92.3%
86/
IF
Marek Hamsik
92.3%
86/
Reward
Marek Hamsik
92.3%
87/
IF
Marek Hamsik
92.3%
88/
IF
Marek Hamsik
92.3%
87
Samir Handanovic
91%
88/
IF
Samir Handanovic
91%
88
Petr Cech
89.7%
90/
TOTS
Martin Skrtel
81.1%
88/
IF
Sokratis
80.8%
87/
IF
Sokratis
80.8%
86/
IF
Sokratis
80.8%
85
Sokratis
80.8%
84
Sokratis
80.8%
82
Martin Skrtel
76.9%
84/
IF
Martin Skrtel
76.9%
86/
IF
Martin Skrtel
76.9%
84
Nemanja Matic
73.1%
86/
IF
Kostas Manolas
66.7%
84
Kostas Manolas
66.7%
84/
IF
Dusan Tadic
66.7%
82/
IF
Dusan Tadic
66.7%
82
Stefan Savic
64.1%
83/
IF
Andriy Pyatov
62.8%
Rating
Player
% Correct
Andriy Pyatov
62.8%
82/
IF
Aleksandar Mitrovic
57.7%
81
Stevan Jovetic
55.1%
81
Stevan Jovetic
55.1%
84/
OTW
Stevan Jovetic
55.1%
84/
IF
Stevan Jovetic
55.1%
83
Yevgen Konoplyanka
46.2%
82
Orestis Karnezis
43.6%
84/
IF
Orestis Karnezis
43.6%
84/
MOTM
Sergej Milinkovic-Savic
43.6%
82/
MOTM
Sergej Milinkovic-Savic
43.6%
84/
MOTM
Kostas Mitroglou
42.3%
81
Kostas Mitroglou
42.3%
81
Ljubomir Fejsa
38.5%
87/
TOTS
Edin Visca
35.8%
82
Kevin Kampl
34.6%
83/
IF
Kyriakos Papadopoulos
32.1%
81/
IF
Etrit Berisha
32.1%
81/
Hero
Besart Berisha
30.8%
81
Nikola Maksimovic
29.5%
82/
IF
Vladimir Darida
28.2%
81/
IF
Miralem Sulejmani
26.9%
87/
TOTS
Jan Durica
22.6%
81/
IF
Nemanja Nikolic
21.8%
81/
IF
Stefanos Kapino
20.5%
82/
IF
Ivelin Popov
16.7%
81/
IF
Milan Bivesac
5.1%
Quiz Playlist
Details
Report
Send in Message
Add To Playlist
More Info:
Not including legends. Turkish, Russian, Polish and Croatia players can all be found in different quizzes
Classic:
Type in answers that appear in a list
Last Updated: Jun 3, 2017
Quiz Scoreboard
CHALLENGE
Sign Up to Join the Scoreboard
Show All
Scores
Hide
Comments
May contain spoilers
Recently Published
1-10 Letter E Words III
by El_Dandy
Language
2m
One Thing in Common: World Cities II
by knightlancer
Geography
7m
Popular People in 1961
by mucciniale
History
6m
More to Explore
Quiz From the Vault
Featured Blog Post
Where Did the Easter Bunny Come From?
hide this ad
You Might Also Like...
Tags
Europe Quiz
club
Eastern
Eastern Europe
FIFA
FIFA 17
Player
position
Rating
Today's Top Quizzes in Sports
Browse Sports
hide this ad
Today's Top Quizzes in Europe
Browse Europe
Top Contributed Quizzes in Sports
1
Les meilleurs buteurs des matchs entre le PSG et l’OM
2
Les entraîneurs de l'OM et du PSG au 21e siècle
3
2022 World Cup Stars
4
FIFA Club World Cup Champions
5
Name the Premier League winners with different clubs
6
La finale Lions - Afrique du Sud 2021
7
Criteria MLB: Left Handed Sluggers
8
Players with Multiple 50 Home Run Seasons
9
MLB Players with Two .350 Batting Average Seasons
10
MLB Hall of Famer by Rings
Explore More
Trending Topics
Marvel
Anime
NBA
Crossword
Disney
Harry Potter
Kpop
NFL
WWE
Pokémon
The Office
Country
Song
Puzzle
Soccer
hide this ad
More By:
jgmptat
Quiz
Plays
Rating
Category
Featured
Created
Man Utd Squads of the Decade (2010s)
2,964
3.67
Sports
Jan 16, 2021
Premier League XI's (2015-16)
1,568
5.00
Sports
May 11, 2016
Fifa 18 - English 81+
1,434
5.00
Sports
Dec 5, 2017
FIFA 18 - Belgium 81+
1,416
5.00
Sports
Dec 6, 2017
Fifa 17: Top International XIs
1,293
2.80
Sports
Mar 15, 2017
Go to Creator's Profile
Score Distribution
Quiz Creator Spotlight
jgmptat
Follow
Send a Message
Quizzes Created
-
Created Quiz Play Count
-
More By This Creator
Popular Quizzes Today
1
Find the US States - No Outlines Minefield
2
Find the Countries of Europe - No Outlines Minefield
3
The Countries of the World
4
Popular People in 1961
5
1-10 Letter E Words III
6
Find the US States
7
One Thing in Common: World Cities II
8
US States
More Sports Quizzes
A Sporcle Baseball Showdown
Editor's Pick
Trending Quizzes
Risky Map Clicking: Least Populous States A-Z
1-10 Letter F Words
1-10 Letter G Words
One Thing in Common: United Kingdom
Risky Map Clicking: Next State Alphabetically
Recently Updated
Leaping Animals
pecheneg
Reality TV Shows (A-Z)
bhenderson79
Rickey Henderson's Hall of Fame Teammates
pecheneg
Champions League XIs: Arsenal
pecheneg
Quick Pick: Celebrities in WWE's Hall of Fame
aduchscher
A-Z Keypad Blitz II
pecheneg
Multiple Oscar Actors
pecheneg
Mystery Phrase Blitz: Oscar 'Best Actors'
pecheneg
F. Scott Fitzgerald Novels
LTH
Pick 3 Villains
ddd62291
Trending Topics
Marvel
Disney
Crossword
Harry Potter
Kpop
NBA
Anime
Country
The Office
Song
WWE
Puzzle
NFL
Soccer
Pokémon
Your Account Isn't Verified!
In order to create a playlist on Sporcle, you need to verify the email address you used during registration. Go to your
Sporcle Settings
to finish the process.
Report this User
Report this user for behavior that violates our
Community Guidelines
.
Details:
Send Report
Go to the Sporcle.com Mobile Site →
Comments